The 2015 UK General Election Quiz Stats

 Plays Quiz Updated Jun 8, 2017

Support Sporcle.
Go Orange.
Score 0/32 Timer 12:00
0 Plays Today
% Correct
???
95.5%
???
89.7%
???
87.6%
???
86.7%
???
86.4%
???
85.6%
???
83.9%
???
83.8%
???
81.6%
???
80.9%
???
79.7%
???
78.9%
???
78.4%
???
77.9%
???
77.7%
???
77.5%
% Correct
???
76.3%
???
74.2%
???
73.6%
???
72.4%
???
70.1%
???
69.6%
???
68.1%
???
67.7%
???
64.4%
???
64.1%
???
63.5%
???
62.5%
???
60.9%
???
57.8%
???
55.5%
???
47.7%

You're not logged in!

Compare scores with friends on all Sporcle quizzes.
OR
Log In
Forgot?

From the Vault

Animal Cakes

by happybunnyfunny

Even not so cuddly animals are adorable in cake form.
Remove Ads.
Support Sporcle.
Get the best of Sporcle when you Go Orange. This ad-free experience offers more features, more stats, and more fun while also helping to support Sporcle. Thank you for becoming a member.

Show Comments

Extras

Top Quizzes Today


Score Distribution

Your Account Isn't Verified!

In order to create a playlist on Sporcle, you need to verify the email address you used during registration. Go to your Sporcle Settings to finish the process.

Report this User

Report this user for behavior that violates our Community Guidelines.

Details: